| 000 | 00454nam a2200133Ia 4500 | ||
|---|---|---|---|
| 008 | 181023s9999 xx 000 0 und d | ||
| 020 | _a9789719804758 | ||
| 100 | _aEliserio, U Z. | ||
| 245 |
_cU Z. Eliserio _aMalikhaing pagsulat para sa senior high school/ |
||
| 260 |
_aQuezon City: _bC and E Publishing, Inc. _c2016 |
||
| 300 |
_a185 pages : _c25 cm. |
||
| 500 | _aIncludes bibliographical reference and index | ||
| 650 | _aPhilippines essays (Filipino) | ||
| 999 |
_c359414 _d359414 |
||